Respuesta del Atriples sp. a diferentes tipos de retenedores de humedad edáfica y su impacto en la erosión de suelos degradados en zonas áridas / (Record no. 112423)
[ view plain ]
| 000 -CABECERA | |
|---|---|
| campo de control de longitud fija | 01382nam a2200349 a 4500 |
| 001 - NÚMERO DE CONTROL | |
| campo de control | 000115962 |
| 003 - IDENTIFICADOR DEL NÚMERO DE CONTROL | |
| campo de control | CHAP |
| 005 - FECHA Y HORA DE LA ÚLTIMA TRANSACCIÓN | |
| campo de control | 20220329144555.0 |
| 008 - DATOS DE LONGITUD FIJA--INFORMACIÓN GENERAL | |
| campo de control de longitud fija | 190822s2019 mx a sm |||||||spa d |
| 010 ## - NÚMERO DE CONTROL DE LA BIBLIOTECA DEL CONGRESO | |
| Número de control de LC | 112423 |
| 011 ## - ENLACE DEL NUMERO DE CONTROL DE LA BIBLIOTECA DEL CONGRESO [OBSOLETO] | |
| Número de control de LC | 113395 |
| 040 ## - FUENTE DE LA CATALOGACIÓN | |
| Centro/agencia transcriptor | CHAP |
| 090 ## - LOCALMENTE ASIGNADO TIPO-LC NÚMERO DE CLASIFICACIÓN (OCLC); NÚMERO DE CLASIFICACIÓN LOCAL (RLIN) | |
| Número de clasificación (OCLC) (R) ; Numero de clasificación, CALL (RLIN) (NR) | Tesis |
| 100 1# - ENTRADA PRINCIPAL--NOMBRE DE PERSONA | |
| Nombre de persona | Carmona Godina, Gustavo. |
| 9 (RLIN) | 136678 |
| 245 10 - MENCIÓN DE TÍTULO | |
| Título | Respuesta del Atriples sp. a diferentes tipos de retenedores de humedad edáfica y su impacto en la erosión de suelos degradados en zonas áridas / |
| Medio | [En línea] |
| Mención de responsabilidad, etc. | por Gustavo Carmona Godina. |
| 260 ## - PUBLICACIÓN, DISTRIBUCIÓN, ETC. | |
| Lugar de publicación, distribución, etc. | Chapingo, Méx. : |
| Nombre del editor, distribuidor, etc. | El autor, |
| Fecha de publicación, distribución, etc. | 2019. |
| 500 ## - NOTA GENERAL | |
| Nota general | Para ver el contenido del material haga clic en la liga |
| 502 ## - NOTA DE TESIS | |
| Nota de tesis | Tesis (M. C. en Recursos Naturales y Medio Ambiente en Zonas Áridas) -- UACH. Unidad Regional Universitaria de Zonas Áridas |
| 590 ## - NOTA LOCAL (RLIN) | |
| Nota local | BATCH-UPD |
| Procedencia (VM) [OBSOLETO] | 05 |
| Condición del los carretes individuales (VM) [OBSOLETO] | 20190823 |
| -- | UCH01 |
| -- | 1252 |
| 590 ## - NOTA LOCAL (RLIN) | |
| Nota local | E8697GMM |
| Procedencia (VM) [OBSOLETO] | 05 |
| Condición del los carretes individuales (VM) [OBSOLETO] | 20190822 |
| -- | UCH01 |
| -- | 1549 |
| 590 ## - NOTA LOCAL (RLIN) | |
| Nota local | E8697GMM |
| Procedencia (VM) [OBSOLETO] | 05 |
| Condición del los carretes individuales (VM) [OBSOLETO] | 20190822 |
| -- | UCH01 |
| -- | 1550 |
| 590 ## - NOTA LOCAL (RLIN) | |
| Nota local | E8697GMM |
| Procedencia (VM) [OBSOLETO] | 05 |
| Condición del los carretes individuales (VM) [OBSOLETO] | 20190823 |
| -- | UCH01 |
| -- | 1251 |
| 590 ## - NOTA LOCAL (RLIN) | |
| Nota local | E8697GMM |
| Procedencia (VM) [OBSOLETO] | 05 |
| Condición del los carretes individuales (VM) [OBSOLETO] | 20190823 |
| -- | UCH01 |
| -- | 1306 |
| 650 14 - PUNTO DE ACCESO ADICIONAL DE MATERIA--TÉRMINO DE MATERIA | |
| Término de materia o nombre geográfico como elemento de entrada | Plantas |
| Subdivisión general | Efecto de la humedad. |
| 9 (RLIN) | 88816 |
| 650 14 - PUNTO DE ACCESO ADICIONAL DE MATERIA--TÉRMINO DE MATERIA | |
| Término de materia o nombre geográfico como elemento de entrada | Suelos |
| Subdivisión general | Degradación. |
| 9 (RLIN) | 110336 |
| 650 14 - PUNTO DE ACCESO ADICIONAL DE MATERIA--TÉRMINO DE MATERIA | |
| Término de materia o nombre geográfico como elemento de entrada | Suelos |
| Subdivisión general | Humedad. |
| 9 (RLIN) | 110391 |
| 650 14 - PUNTO DE ACCESO ADICIONAL DE MATERIA--TÉRMINO DE MATERIA | |
| Término de materia o nombre geográfico como elemento de entrada | Suelos |
| Subdivisión general | Materia orgánica. |
| 9 (RLIN) | 110429 |
| 856 ## - LOCALIZACIÓN Y ACCESO ELECTRÓNICOS | |
| Nombre del host | Finding aid |
| Identificador Uniforme del Recurso | <a href="http://10.13.5.2/tesis/sist115962.pdf">http://10.13.5.2/tesis/sist115962.pdf</a> |
| Nota pública | Teclea aquí |
| 901 ## - ELEMENTOS DE DATOS A LOCAL LDA (RLIN) | |
| a | BK |
| 942 ## - ELEMENTOS DE PUNTO DE ACCESO ADICIONAL (KOHA) | |
| Tipo de ítem Koha | Tesis |
| 942 ## - ELEMENTOS DE PUNTO DE ACCESO ADICIONAL (KOHA) | |
| Suprimir en OPAC | 0 |
| Estado de retiro | Estado de pérdida | Fuente del sistema de clasificación o colocación | Estado dañado | No para préstamo | Código de colección | Localización permanente | Ubicación/localización actual | Fecha de adquisición | Información codificada de la localización en otra ubicación | Total de préstamos | Signatura topográfica completa | Código de barras | Fecha visto por última vez | Precio válido a partir de | Tipo de ítem Koha |
|---|---|---|---|---|---|---|---|---|---|---|---|---|---|---|---|
| Clasificación Universidad Autónoma de Chapingo | Excluido de préstamo | Tesis | Biblioteca Central | Biblioteca Central | 22/08/2019 | TESIS | Tesis | 115973-10 | 31/12/2019 | 22/08/2019 | CD |
